Wszystkie piosenki ReTo - Statystyki

Ogólne statystyki
  • Ten quiz został rozwiązany 909 razy
    741 od ostatniego zresetowania
  • Średni wynik to 37 z 98
Statystyki odpowiedzi
album/mixtape, ew. feat Odpowiedź % Poprawnych
UA
81%
PAPIEROSY_RMX
79%
RS7
77%
Billy Kid
76%
quebonafide Sorry Dolores
76%
Bossman
75%
Minotaur
74%
Blask
67%
Paw
62%
BOA Jenzor | intro
59%
Piotruś Pan
59%
Gitara
57%
Bourbon
56%
Jeździec
54%
Ogon | outro
54%
W samo południe Rewolwer
54%
Lemur
52%
Alarm
51%
Jano PW Knebel
51%
smolasty CZEMU NIE?
49%
bedoes, szymi szyms Amerykańskie Fury
47%
MOONLIGHT INTRO
47%
Good7uck Intro
47%
rrcum
47%
Forsa
46%
zui TONIGHT
46%
420024 (ReTo/Borixon) 420024
45%
Kingda Ka
45%
Mówieże
45%
Avi x Louis Villain Morał
44%
guzior Niet
44%
Kushi.Kushi
43%
zetha Say My Name
43%
Avemariah
41%
Co Cię trapi
41%
Deadphone
41%
DOMEK Z KART
41%
Avi Księga dżungli
41%
Piotrek
41%
Arriba
40%
borixon KLAMKA ZAPADŁA
39%
Wrzask
39%
Gigi
38%
Baphomet/Outro
37%
_EDIT
37%
OUTRO/MOONLIGHT
37%
Bonsai
36%
Milion w Godzinę
36%
Szarża
36%
GODDAMN.
35%
Real Quick
35%
Ziom€kmovie
35%
K R U K LOT
34%
Shake
33%
Czerń i Biel
32%
OVBANGER
32%
zZz
32%
Białe szaty
31%
Kanarek
31%
STRUŚ
31%
GRZECH
30%
VNM LICZBY
30%
Nie_Ja
30%
nowy + złodziej | skit
30%
Antidotum
29%
Bóstwo
29%
DEADPOOL
29%
SPODNIE
29%
Fuckoff
28%
SCHIZY
28%
MONET
27%
PYŁ
27%
Trapsport
27%
Aye
26%
Khalifa (skit I)
26%
solar, białas CHCĄ MI WMÓWIĆ
25%
Wstydzę się tej gry
25%
BANIA
24%
BLINDSQUA'
24%
C.B.C.
23%
Świetnie
22%
KIELON W GÓRĘ
20%
Wizja (skit II)
20%
DAMN. Introduction
19%
NEWSQL
19%
norma, bergamis OVR
17%
PĘTLA
16%
ALKOBLANT
15%
DIRTY
15%
HAŁAS
15%
BANG BANG!
14%
BANGERMAJSTER
14%
KILL THESE PEOPLE
14%
NADCHODZI NOC (skit I)
14%
PEŁNIA (skit II)
14%
GDYBYM
12%
JUŻ ŚWITA (skit III)
11%
ROCKEFELLER
11%
Nie znaleziono quizów pasujących do podanych kryteriów
Rozkład punktacji
Procent ludzi z każdym wynikiem
Percentyl według liczby udzielonych odpowiedzi
Twoja historia wyników
Nie rozwiązałeś tego quizu od ostatniego zresetowania